| 000 | 00840nmc a2200277 a 4500 | ||
|---|---|---|---|
| 003 | AR-BaBNM | ||
| 005 | 20251128205135.0 | ||
| 008 | 011101s1993 ||||||||||||||000 | spa|| | ||
| 020 | _a950-12-1004-9 | ||
| 040 | _cAR-BaBNM | ||
| 100 | 1 | _aDe Bono, Edward | |
| 245 | 1 | 0 |
_aEl pensamiento práctico _bcuatro caminos para estar en lo correcto, cinco caminos para estar equivocado, cinco caminos para entender |
| 250 | _a1ª ed. | ||
| 260 |
_aBuenos Aires _bPaidós _c1993 |
||
| 300 |
_a199 p. _bil. |
||
| 490 | 0 |
_aPaidós Empresa _vv. 4 |
|
| 650 | 4 | _aADMINISTRACION DE EMPRESAS | |
| 650 | 4 | _aTEORIA DE LA ADMINISTRACION | |
| 650 | 4 | _aADMINISTRACION PUBLICA | |
| 650 | 4 | _aADMINISTRACION | |
| 650 | 4 | _aTECNICAS ADMINISTRATIVAS | |
| 650 | 4 | _aEMPRESAS | |
| 700 | 1 |
_aMascialino, Miguel _etraductor |
|
| 942 | _cBK | ||
| 998 | _cEnrique | ||
| 999 |
_c10154 _d10154 |
||